[Event "23. Schweinfurt Open"]
[Site "Schweinfurt"]
[Date "2013.05.30"]
[Round "1.28"]
[White "Schillinger, Peter"]
[Black "Scheming, Anna-Marie"]
[Result "1-0"]
[WhiteElo "1831"]
[BlackElo "1133"]
[PlyCount "83"]
[EventDate "2013.05.30"]
[Source "SK SW 2000"]
[SourceDate "2013.06.02"]

1. d4 d5 2. Nf3 Bg4 3. Ne5 Bf5 4. c4 c6 5. Nc3 e6 6. h4 Nd7 7. g4 Nxe5 8. gxf5
Nxc4 9. fxe6 fxe6 10. e4 Nb6 11. Qh5+ g6 12. Qg4 Qe7 13. Bg5 Qf7 14. Bh3 h6 15.
Be3 Nf6 16. Qg2 Bb4 17. f3 Nc4 18. Bc1 Bxc3+ 19. bxc3 Nd7 20. Rb1 b5 21. Rg1
Rg8 22. Qg4 Nf8 23. Bxh6 a5 24. exd5 cxd5 25. Kf2 b4 26. Bxf8 Kxf8 27. Qxe6
Qxe6 28. Bxe6 Rg7 29. Bxd5 Rc8 30. cxb4 axb4 31. Rgc1 Rgc7 32. Be6 Ra8 33. Rxc4
Rxa2+ 34. Kg3 Rxc4 35. Bxc4 Rd2 36. d5 Ke8 37. Rxb4 Kd7 38. Rb6 Rd4 39. Bb3 Ke7
40. Rxg6 Kd7 41. h5 Ke8 42. d6 1-0

[Event "23. Schweinfurt Open"]
[Site "Schweinfurt"]
[Date "2013.05.30"]
[Round "1.29"]
[White "Renner, Guenter"]
[Black "Kilian, Markus"]
[Result "0-1"]
[WhiteElo "1092"]
[BlackElo "1811"]
[PlyCount "74"]
[EventDate "2013.05.30"]
[Source "SK SW 2000"]
[SourceDate "2013.06.02"]

1. d4 Nf6 2. Bg5 Ne4 3. Bh4 c5 4. d5 d6 5. Qd3 Qa5+ 6. c3 Bf5 7. Qf3 Bg6 8. e3
Nd7 9. Qe2 Nef6 10. Qd2 Bxb1 11. b4 Qa3 12. Rxb1 Ne4 13. Rb3 Qxb3 14. axb3 Nxd2
15. Kxd2 cxb4 16. cxb4 g6 17. Bc4 Bg7 18. Ne2 Bf6 19. Bg3 O-O 20. Rc1 Rac8 21.
Rc2 a6 22. f4 b5 23. Bd3 Rxc2+ 24. Bxc2 Rc8 25. e4 Bb2 26. Be1 e6 27. Kd3 exd5
28. Bc3 dxe4+ 29. Kd4 Bxc3+ 30. Nxc3 Nf6 31. Bd1 d5 32. g4 Rd8 33. Be2 Kg7 34.
h3 h5 35. g5 Ng8 36. Ke5 Ne7 37. h4 Nc6# 0-1

[Event "23. Schweinfurt Open"]
[Site "Schweinfurt"]
[Date "2013.05.30"]
[Round "1.30"]
[White "Heller, Thomas"]
[Black "Roth, Ludwig"]
[Result "1-0"]
[WhiteElo "1801"]
[BlackElo "985"]
[PlyCount "57"]
[EventDate "2013.05.30"]
[Source "SK SW 2000"]
[SourceDate "2013.06.02"]

1. d4 d5 2. Nf3 e6 3. Nbd2 c5 4. e3 Nc6 5. c3 Nf6 6. Bd3 Bd6 7. b3 O-O 8. Bb2
cxd4 9. exd4 Re8 10. O-O e5 11. dxe5 Nxe5 12. Nxe5 Bxe5 13. Nf3 Bg4 14. h3 Bh5
15. Bb5 Re6 16. Be2 Qe7 17. Nxe5 Bxe2 18. Qxe2 Rxe5 19. Qf3 Qe6 20. Rad1 Rf5
21. Qd3 Rg5 22. Rfe1 Ne4 23. c4 Rd8 24. Rxe4 Qg6 25. Rg4 Rxg4 26. hxg4 Qxg4 27.
Qd4 Qg5 28. cxd5 Rd6 29. g3 1-0

[Event "23. Schweinfurt Open"]
[Site "Schweinfurt"]
[Date "2013.05.30"]
[Round "1.31"]
[White "Lehmann, Andreas"]
[Black "Memmel, Günther"]
[Result "0-1"]
[WhiteElo "974"]
[BlackElo "1785"]
[PlyCount "70"]
[EventDate "2013.05.30"]
[Source "SK SW 2000"]
[SourceDate "2013.06.02"]

1. e4 c5 2. Bc4 Nc6 3. c3 Nf6 4. d3 Na5 5. Nd2 Nxc4 6. Nxc4 b5 7. Ne3 Bb7 8.
Nf3 d6 9. O-O g6 10. Qb3 Bc6 11. Ng5 e6 12. f4 h6 13. Nxe6 fxe6 14. Qxe6+ Qe7
15. Qxe7+ Bxe7 16. f5 g5 17. b3 O-O 18. Bb2 a5 19. c4 a4 20. h3 axb3 21. axb3
Rfb8 22. Rxa8 Rxa8 23. Bxf6 Bxf6 24. Ng4 Kg7 25. Rd1 Bd4+ 26. Kh2 h5 27. f6+
Kg6 28. Rf1 hxg4 29. hxg4 Bxf6 30. Rf5 Ra3 31. cxb5 Bxb5 32. b4 Bxd3 33. bxc5
Bxe4 34. Rxf6+ Kxf6 35. cxd6 Ra2 0-1

[Event "23. Schweinfurt Open"]
[Site "Schweinfurt"]
[Date "2013.05.30"]
[Round "1.32"]
[White "Markwardt, Sven"]
[Black "Gerhard, Philipp"]
[Result "1-0"]
[WhiteElo "1760"]
[BlackElo "841"]
[PlyCount "79"]
[EventDate "2013.05.30"]
[Source "SK SW 2000"]
[SourceDate "2013.06.02"]

1. c4 c5 2. Nc3 Nf6 3. g3 e5 4. Bg2 Bd6 5. e3 O-O 6. Nge2 Qb6 7. O-O Nc6 8. Rb1
Bc7 9. d3 d6 10. h3 Re8 11. e4 Bd7 12. Bg5 Re6 13. Bxf6 Rxf6 14. Nd5 Qa6 15.
Nxc7 Qa5 16. Nxa8 Qd8 17. b4 Qxa8 18. b5 Ne7 19. f4 exf4 20. Nxf4 Ng6 21. Nd5
Rxf1+ 22. Qxf1 Be6 23. Nc7 Qc8 24. Nxe6 Qxe6 25. Qf5 h6 26. Qxe6 fxe6 27. Kf2
Ne5 28. Ke3 Kf7 29. Rf1+ Ke7 30. Bf3 Nxf3 31. Rxf3 a6 32. bxa6 bxa6 33. d4
cxd4+ 34. Kxd4 e5+ 35. Kd5 g5 36. Kc6 h5 37. Kb6 g4 38. hxg4 hxg4 39. Rf5 Ke6
40. Kxa6 1-0

[Event "23. Schweinfurt Open"]
[Site "Schweinfurt"]
[Date "2013.05.30"]
[Round "1.33"]
[White "Raab, Franziska"]
[Black "Volkamer, Tobias"]
[Result "0-1"]
[WhiteElo "813"]
[BlackElo "1737"]
[PlyCount "80"]
[EventDate "2013.05.30"]
[Source "SK SW 2000"]
[SourceDate "2013.06.02"]

1. e4 d5 2. exd5 Qxd5 3. Nc3 Qd6 4. Nf3 c6 5. Bc4 Nf6 6. d4 Bg4 7. d5 cxd5 8.
Bxd5 Nc6 9. h3 Bh5 10. g4 Bg6 11. g5 Nxd5 12. Nxd5 e6 13. Nc3 Qxd1+ 14. Kxd1
O-O-O+ 15. Bd2 Bh5 16. Ke1 Bxf3 17. Rg1 Bc5 18. Bf4 Bb4 19. Rg3 Bxc3+ 20. bxc3
Bh5 21. a3 Rd7 22. f3 Rhd8 23. Ke2 e5 24. Be3 e4 25. Kf2 Bxf3 26. Rgg1 Ne5 27.
Kg3 Nc4 28. Bxa7 b6 29. a4 Rxa7 30. h4 Rd2 31. Ra2 Ne3 32. Kf4 Rxc2 33. Ra3
Ng2+ 34. Kg3 Re7 35. Rb3 Kc7 36. Rgb1 Re6 37. a5 Ne3 38. a6 Rg2+ 39. Kf4 Nd5+
40. Kf5 Bg4# 0-1

[Event "23. Schweinfurt Open"]
[Site "Schweinfurt"]
[Date "2013.05.30"]
[Round "1.34"]
[White "Falkenstein, Johannes"]
[Black "Foitzik, Lukas"]
[Result "1-0"]
[WhiteElo "1732"]
[BlackElo "776"]
[PlyCount "121"]
[EventDate "2013.05.30"]
[Source "SK SW 2000"]
[SourceDate "2013.06.02"]

1. d4 d5 2. Bf4 Nc6 3. e3 Bf5 4. c4 e6 5. Nc3 Nb4 6. Qa4+ Nc6 7. Nf3 Nf6 8. Ne5
Qe7 9. Nxc6 Qd7 10. Ne5 Qxa4 11. Nxa4 Bb4+ 12. Nc3 O-O 13. a3 Be7 14. c5 a6 15.
b4 c6 16. Be2 Ne4 17. Nxe4 Bxe4 18. O-O f6 19. Nf3 e5 20. dxe5 g5 21. Bg3 h5
22. h3 h4 23. Bh2 f5 24. Nd2 Bc2 25. Ra2 Ba4 26. f4 gxf4 27. exf4 Bb5 28. Nf3
a5 29. Bxb5 cxb5 30. Rd2 Rfd8 31. Rfd1 axb4 32. axb4 Ra4 33. Rb2 b6 34. Kf1
bxc5 35. bxc5 Bxc5 36. Rxb5 Be7 37. Rbxd5 Rxd5 38. Rxd5 Ra1+ 39. Ke2 Ra2+ 40.
Rd2 Ra3 41. Bg1 Bb4 42. Rc2 Rc3 43. Rxc3 Bxc3 44. Nxh4 Bb2 45. Nxf5 Bc1 46. Be3
Ba3 47. g4 Kf7 48. Nd6+ Bxd6 49. exd6 Ke6 50. Bc5 Kd7 51. f5 Kc6 52. Ba3 Kd7
53. g5 Kc6 54. g6 Kd7 55. g7 Kc6 56. g8=Q Kd7 57. Qe6+ Kc6 58. d7+ Kb5 59. d8=Q
Ka4 60. Qa8+ Kb5 61. Qec6# 1-0

[Event "23. Schweinfurt Open"]
[Site "Schweinfurt"]
[Date "2013.05.30"]
[Round "2.1"]
[White "Feichtner, Erich"]
[Black "Golda, Harald"]
[Result "0-1"]
[WhiteElo "1873"]
[BlackElo "2332"]
[PlyCount "94"]
[EventDate "2013.05.30"]
[Source "SK SW 2000"]
[SourceDate "2013.06.02"]

1. d4 Nf6 2. c4 e6 3. Nc3 Bb4 4. Qc2 O-O 5. a3 Bxc3+ 6. Qxc3 b6 7. f3 d5 8. Bg5
Bb7 9. e3 Nbd7 10. Rd1 Rc8 11. c5 bxc5 12. dxc5 c6 13. Nh3 Re8 14. Bd3 h6 15.
Bxf6 Qxf6 16. Qxf6 gxf6 17. b4 a5 18. O-O Ra8 19. Ra1 Reb8 20. Nf2 Bc8 21. Rab1
axb4 22. axb4 Ba6 23. e4 Bxd3 24. Nxd3 Ne5 25. Nxe5 fxe5 26. exd5 exd5 27. Rfe1
f6 28. Re3 Rb5 29. Kf2 Kf7 30. Reb3 Ke6 31. Ke3 Ra2 32. R1b2 Rxb2 33. Rxb2 d4+
34. Kd3 Kd5 35. g4 Rb8 36. h3 Ra8 37. Kc2 Kc4 38. Kd2 Kb5 39. Kd3 Ra3+ 40. Ke2
Ra4 41. f4 e4 42. h4 Ra3 43. g5 fxg5 44. hxg5 hxg5 45. fxg5 Rg3 46. Rd2 d3+ 47.
Kf1 Kxb4 0-1

[Event "23. Schweinfurt Open"]
[Site "Schweinfurt"]
[Date "2013.05.30"]
[Round "2.2"]
[White "Seidens, Udo"]
[Black "Herda, Christoph"]
[Result "1-0"]
[WhiteElo "2237"]
[BlackElo "1917"]
[PlyCount "49"]
[EventDate "2013.05.30"]
[Source "SK SW 2000"]
[SourceDate "2013.06.02"]

1. c4 c5 2. g3 Nc6 3. Bg2 g6 4. Nc3 Bg7 5. a3 a6 6. Rb1 Rb8 7. b4 cxb4 8. axb4
b5 9. cxb5 axb5 10. Nf3 Nf6 11. O-O O-O 12. d4 d5 13. Bf4 Bf5 14. Rc1 Rc8 15.
Qb3 Qb6 16. Be5 Be6 17. e3 Rfd8 18. Ng5 Nxe5 19. dxe5 Ng4 20. Nxd5 Rxc1 21.
Rxc1 Qa7 22. Nxe6 fxe6 23. Nf4 Nxe5 24. Nxe6 Rb8 25. Nxg7+ 1-0

[Event "23. Schweinfurt Open"]
[Site "Schweinfurt"]
[Date "2013.05.30"]
[Round "2.3"]
[White "Müller, Gerhard"]
[Black "Kunz, Konstantin"]
[Result "0-1"]
[WhiteElo "1854"]
[BlackElo "2184"]
[PlyCount "118"]
[EventDate "2013.05.30"]
[Source "SK SW 2000"]
[SourceDate "2013.06.02"]

1. e4 c5 2. Nf3 e6 3. Be2 a6 4. O-O d6 5. b3 Nf6 6. d3 Be7 7. h3 O-O 8. Nh2 Nc6
9. f4 Nd4 10. Nc3 Qc7 11. Be3 b5 12. Qd2 Bb7 13. Nf3 Rac8 14. Nd1 e5 15. fxe5
dxe5 16. a4 Rfd8 17. Bxd4 cxd4 18. axb5 axb5 19. Ne1 Ra8 20. Rxa8 Rxa8 21. Nf2
h5 22. Nf3 g6 23. Rb1 Kg7 24. Bd1 Bc8 25. g3 Ra2 26. Qc1 Nh7 27. Kg2 Ba3 28.
Qd2 Bd6 29. Qe2 Be6 30. Qd2 f6 31. Nh2 Qf7 32. g4 h4 33. Nf3 g5 34. Be2 Nf8 35.
Qd1 Qc7 36. Nh1 Qxc2 37. Qxc2 Rxc2 38. Kf1 Ng6 39. Nf2 Nf4 40. Bd1 Rc3 41. Ne1
Kf7 42. b4 Ke7 43. Bc2 Ra3 44. Bd1 Kd7 45. Bc2 Kc6 46. Bd1 Kb6 47. Bc2 Bd7 48.
Bd1 Be6 49. Bc2 Bd7 50. Bd1 Ne6 51. Bb3 Nc7 52. Nc2 Ra7 53. Ke2 Be6 54. Nd1 Bd7
55. Nb2 Na6 56. Rf1 Be7 57. Kd1 Rc7 58. Bd5 Rc8 59. Ke2 Rxc2+ 0-1

[Event "23. Schweinfurt Open"]
[Site "Schweinfurt"]
[Date "2013.05.30"]
[Round "2.4"]
[White "Amtmann, Florian"]
[Black "Völker, Joachim"]
[Result "1-0"]
[WhiteElo "2171"]
[BlackElo "1880"]
[PlyCount "73"]
[EventDate "2013.05.30"]
[Source "SK SW 2000"]
[SourceDate "2013.06.02"]

1. d4 e6 2. e4 d5 3. e5 c5 4. c3 Nc6 5. Nf3 Bd7 6. a3 f6 7. Bd3 fxe5 8. dxe5
Be7 9. O-O c4 10. Bc2 a5 11. Qe2 a4 12. Nbd2 Na5 13. Nd4 g6 14. N2f3 Nb3 15.
Bxb3 axb3 16. g3 Ra6 17. Kg2 Bf8 18. h4 h6 19. Nh2 h5 20. Bg5 Be7 21. Bf4 Bf8
22. Nhf3 Nh6 23. Bg5 Be7 24. Bxh6 Rxh6 25. Ng1 Bf8 26. Nh3 Qe7 27. Nf4 Kf7 28.
Rh1 Kg7 29. g4 Qf7 30. Qf3 Bc5 31. gxh5 gxh5 32. Rh3 Ra8 33. Rg3+ Kh7 34. Kh2
Bxd4 35. cxd4 Rg8 36. Rg5 Be8 37. Rag1 1-0

[Event "23. Schweinfurt Open"]
[Site "Schweinfurt"]
[Date "2013.05.30"]
[Round "2.5"]
[White "Schmitt, Philipp"]
[Black "Häusler, Yannick"]
[Result "1-0"]
[WhiteElo "2158"]
[BlackElo "1857"]
[PlyCount "41"]
[EventDate "2013.05.30"]
[Source "SK SW 2000"]
[SourceDate "2013.06.02"]

1. e4 c5 2. Nf3 d6 3. d4 cxd4 4. Nxd4 Nf6 5. Nc3 a6 6. Bg5 e6 7. f4 Be7 8. Qf3
Qc7 9. O-O-O b5 10. e5 Bb7 11. Qg3 dxe5 12. fxe5 Nh5 13. Qh4 g6 14. Bxb5+ axb5
15. Ncxb5 Qxe5 16. Bxe7 Qf4+ 17. Qxf4 Nxf4 18. Bg5 Nd5 19. Nd6+ Kd7 20. Nxb7 f6
21. Bh6 1-0

[Event "23. Schweinfurt Open"]
[Site "Schweinfurt"]
[Date "2013.05.30"]
[Round "2.6"]
[White "Schneider, Johannes"]
[Black "Kuhn, Norbert"]
[Result "0-1"]
[WhiteElo "1840"]
[BlackElo "2149"]
[PlyCount "140"]
[EventDate "2013.05.30"]
[Source "SK SW 2000"]
[SourceDate "2013.06.02"]

1. d4 d5 2. Nf3 e6 3. c4 Nf6 4. Nc3 c5 5. Bg5 dxc4 6. e3 Nc6 7. Bxc4 cxd4 8.
Nxd4 Nxd4 9. Qxd4 Qxd4 10. exd4 Be7 11. O-O O-O 12. Rfe1 Bd7 13. Rad1 Rac8 14.
Bb3 Bc6 15. Ne4 Rfd8 16. Nxf6+ Bxf6 17. Bxf6 gxf6 18. f4 Bd5 19. Bxd5 Rxd5 20.
Re2 Rcd8 21. Red2 e5 22. Kf2 exd4 23. Ke2 Kf8 24. g4 f5 25. gxf5 Ke7 26. Kf3
Kf6 27. Ke4 R5d7 28. Rd3 Re8+ 29. Kf3 Rde7 30. R1d2 Re3+ 31. Rxe3 dxe3 32. Re2
Kxf5 33. h3 Re4 34. Rxe3 Rxf4+ 35. Kg3 Rb4 36. b3 Re4 37. Rc3 Re7 38. Kf3 Rd7
39. Rc5+ Kg6 40. Rc3 b6 41. a3 f6 42. Re3 Kf5 43. Rc3 h5 44. Re3 h4 45. Rc3 Rd2
46. Ke3 Rg2 47. Rc7 Rg3+ 48. Kf2 Rxh3 49. Rxa7 Rxb3 50. a4 Rb2+ 51. Kg1 Ke4 52.
a5 b5 53. a6 Kd5 54. Rh7 Ra2 55. Rxh4 Rxa6 56. Rh5+ Kc4 57. Kf2 b4 58. Ke2 Rd6
59. Rh8 Kc3 60. Rc8+ Kb2 61. Rb8 b3 62. Rb7 Kc2 63. Rc7+ Kb1 64. Rb7 b2 65. Rb8
f5 66. Rb4 Rd5 67. Rb8 f4 68. Rb7 Rd4 69. Rb6 Kc2 70. Rc6+ Kb3 0-1

[Event "23. Schweinfurt Open"]
[Site "Schweinfurt"]
[Date "2013.05.30"]
[Round "2.7"]
[White "Bräutigam, Thomas"]
[Black "Deißenberger, Andreas"]
[Result "1-0"]
[WhiteElo "2116"]
[BlackElo "1848"]
[PlyCount "69"]
[EventDate "2013.05.30"]
[Source "SK SW 2000"]
[SourceDate "2013.06.02"]

1. d4 Nf6 2. Nf3 d5 3. c4 e6 4. g3 b6 5. Bg2 Bb7 6. O-O Be7 7. Ne5 O-O 8. Nc3
Qc8 9. cxd5 Nxd5 10. Nxd5 Bxd5 11. e4 Bb7 12. Be3 Nd7 13. Nd3 Nf6 14. f3 Rd8
15. Rf2 Qd7 16. Rd2 Rac8 17. Rc1 Bf8 18. Bf1 Qe7 19. Ne5 c5 20. dxc5 Rxd2 21.
Qxd2 bxc5 22. Qa5 Qd6 23. Nc4 Qc6 24. Qd2 Be7 25. Na5 Qc7 26. b4 Nd7 27. Bf4 e5
28. Be3 f5 29. Nxb7 Qxb7 30. Ba6 Qxa6 31. Qxd7 fxe4 32. Qxe7 Rf8 33. Bxc5 h6
34. Qxf8+ Kh7 35. Qf5+ 1-0

[Event "23. Schweinfurt Open"]
[Site "Schweinfurt"]
[Date "2013.05.30"]
[Round "2.8"]
[White "Kilian, Markus"]
[Black "Schmitz, Wolfgang"]
[Result "1-0"]
[WhiteElo "1811"]
[BlackElo "2070"]
[PlyCount "115"]
[EventDate "2013.05.30"]
[Source "SK SW 2000"]
[SourceDate "2013.06.02"]

1. d4 d5 2. c4 c6 3. Nf3 Nf6 4. g3 Bf5 5. Nc3 Na6 6. Qb3 e6 7. a3 Rb8 8. Bg2 h6
9. Bf4 Nc7 10. Rc1 Be7 11. Bxc7 Qxc7 12. cxd5 exd5 13. Nxd5 Qa5+ 14. Nc3 O-O
15. O-O Ne4 16. Nxe4 Bxe4 17. Ne5 Bxg2 18. Kxg2 Rbd8 19. e3 Qd5+ 20. Qxd5 Rxd5
21. b4 Rfd8 22. Nd3 f6 23. Nc5 Bxc5 24. bxc5 Kf7 25. Rc3 Re8 26. Rb1 Rd7 27.
Rcb3 Ree7 28. f3 f5 29. Kf2 Ke6 30. Ke2 g5 31. Kd3 g4 32. fxg4 fxg4 33. Rf1 Rf7
34. Rf4 Rxf4 35. gxf4 Kf5 36. Rb1 h5 37. Rf1 Re7 38. Rg1 h4 39. e4+ Kxf4 40.
Rf1+ Kg5 41. Rf5+ Kg6 42. Rf4 Rf7 43. Ke3 g3 44. Rxh4 gxh2 45. Rxh2 Rf1 46.
Rg2+ Kh6 47. Rb2 Ra1 48. Rb3 Kg5 49. d5 cxd5 50. exd5 Rc1 51. Kd4 Rd1+ 52. Ke5
Re1+ 53. Kd6 b6 54. c6 Rc1 55. Kd7 Rh1 56. Re3 Kf6 57. Re6+ Kf7 58. c7 1-0

[Event "23. Schweinfurt Open"]
[Site "Schweinfurt"]
[Date "2013.05.30"]
[Round "2.9"]
[White "Poßke, Thore"]
[Black "Schillinger, Peter"]
[Result "1/2-1/2"]
[WhiteElo "1900"]
[BlackElo "1831"]
[PlyCount "55"]
[EventDate "2013.05.30"]
[Source "SK SW 2000"]
[SourceDate "2013.06.02"]

1. d4 Nf6 2. Nf3 d6 3. c4 g6 4. Nc3 Bg7 5. e4 O-O 6. Be2 e5 7. O-O Nbd7 8. Re1
c6 9. Bf1 Qc7 10. b4 exd4 11. Nxd4 Re8 12. Rb1 Ne5 13. f3 Nfd7 14. Be3 Nf8 15.
Kh1 Ne6 16. Rc1 Nxd4 17. Bxd4 Be6 18. Na4 Bh6 19. Rc2 Red8 20. Qa1 f6 21. a3
Qf7 22. Nb2 Rd7 23. a4 g5 24. Nd1 g4 25. Ne3 gxf3 26. gxf3 Qh5 27. Rg2+ Rg7 28.
Ng4 1/2-1/2

[Event "23. Schweinfurt Open"]
[Site "Schweinfurt"]
[Date "2013.05.30"]
[Round "2.10"]
[White "Memmel, Günther"]
[Black "Yalcin, Alparslan"]
[Result "1/2-1/2"]
[WhiteElo "1785"]
[BlackElo "2027"]
[PlyCount "80"]
[EventDate "2013.05.30"]
[Source "SK SW 2000"]
[SourceDate "2013.06.02"]

1. e4 e5 2. Nf3 Nc6 3. d4 exd4 4. Nxd4 Nf6 5. Nc3 Bb4 6. Nxc6 bxc6 7. Bd3 d5 8.
exd5 cxd5 9. O-O O-O 10. Bg5 c6 11. Ne2 Bg4 12. c3 Bd6 13. Qc2 h6 14. Bh4 Re8
15. Nd4 c5 16. Nf5 c4 17. Qa4 Bf8 18. Bxf6 Qxf6 19. Ne3 Rxe3 20. fxe3 Qe6 21.
Bc2 Qxe3+ 22. Kh1 Re8 23. Bd1 Bf5 24. Bf3 Bd6 25. Qd1 Qe5 26. g3 Be4 27. Bxe4
dxe4 28. Qe2 Qe6 29. Rad1 Bc5 30. Kg2 g6 31. Rb1 Rd8 32. b3 Rd3 33. Rfd1 Rf3
34. Rf1 Rxc3 35. Rbc1 Rd3 36. Rxc4 Qd5 37. Qxe4 Rd2+ 38. Kh1 Qxe4+ 39. Rxe4
Rxa2 40. Rc4 Bb6 1/2-1/2

[Event "23. Schweinfurt Open"]
[Site "Schweinfurt"]
[Date "2013.05.30"]
[Round "2.11"]
[White "Krenz, Dieter"]
[Black "Heller, Thomas"]
[Result "1/2-1/2"]
[WhiteElo "2028"]
[BlackElo "1801"]
[PlyCount "134"]
[EventDate "2013.05.30"]
[Source "SK SW 2000"]
[SourceDate "2013.06.02"]

1. d4 d5 2. Nf3 Nf6 3. Bg5 Nbd7 4. e3 e6 5. Bd3 Be7 6. Nbd2 b6 7. O-O Bb7 8. c3
h6 9. Bh4 c5 10. Rc1 c4 11. Bb1 b5 12. Re1 a5 13. Bxf6 Bxf6 14. e4 g5 15. exd5
Bxd5 16. Ne4 Be7 17. Qe2 Qc7 18. Rcd1 O-O-O 19. Ned2 Bd6 20. Ne5 Nxe5 21. dxe5
Bc5 22. Ne4 Be7 23. Nd2 h5 24. b3 g4 25. bxc4 bxc4 26. a4 f5 27. Ba2 Qc6 28.
Qf1 Bg5 29. Nxc4 Qc5 30. Rxd5 exd5 31. Nd6+ Rxd6 32. exd6 Qxd6 33. Qd3 Rf8 34.
Bxd5 Kd8 35. Qb5 Bd2 36. Rd1 Bxc3 37. Bb3 Bd4 38. Qxa5+ Ke7 39. Re1+ Kd7 40.
Be6+ Kc6 41. Qb5+ Kc7 42. Rc1+ Kd8 43. Rc8+ Ke7 44. Qb7+ Kf6 45. Rxf8+ Qxf8 46.
Qd5 Be5 47. a5 h4 48. Bd7 Qd6 49. Qxd6+ Bxd6 50. a6 Bc5 51. Kf1 Kg5 52. Ke2 Ba7
53. f3 Kf4 54. Bc6 g3 55. h3 Ke5 56. Kd3 Kd6 57. Bb5 Kd5 58. Bd7 f4 59. Bc8 Bd4
60. Bb7+ Ke5 61. Kc4 Ba7 62. Be4 Bb8 63. Kc5 Ba7+ 64. Kc4 Bb8 65. Bb7 Ba7 66.
Be4 Bb8 67. Kc5 Ba7+ 1/2-1/2

[Event "23. Schweinfurt Open"]
[Site "Schweinfurt"]
[Date "2013.05.30"]
[Round "2.12"]
[White "Volkamer, Tobias"]
[Black "Neubauer, Jaro"]
[Result "0-1"]
[WhiteElo "1737"]
[BlackElo "2027"]
[PlyCount "118"]
[EventDate "2013.05.30"]
[Source "SK SW 2000"]
[SourceDate "2013.06.02"]

1. d4 d5 2. c4 e6 3. Nc3 Be7 4. Nf3 Nf6 5. Bf4 O-O 6. e3 c5 7. Be2 cxd4 8. Nxd4
dxc4 9. Bxc4 a6 10. O-O b5 11. Be2 Bb7 12. Bf3 Qb6 13. Bxb7 Qxb7 14. Qf3 Qxf3
15. Nxf3 Nbd7 16. Rfd1 Nb6 17. Bd6 Bxd6 18. Rxd6 Nc4 19. Rc6 Nxb2 20. Rb1 Rfc8
21. Nd4 e5 22. Rxc8+ Rxc8 23. Nde2 Nd3 24. Rd1 Nc5 25. f3 Kf8 26. Kf2 b4 27.
Nd5 Nxd5 28. Rxd5 a5 29. e4 a4 30. Ke3 b3 31. axb3 axb3 32. Kd2 Na4 33. Rb5
Rc2+ 34. Kd1 Nb2+ 35. Ke1 Nd3+ 36. Kd1 Nf4 37. Nxf4 exf4 38. g4 fxg3 39. hxg3
Rc3 40. Ke2 Ke7 41. g4 Kd6 42. f4 Kc6 43. Rb8 Kc5 44. Kd2 Rf3 45. f5 Kd4 46.
Rb4+ Ke5 47. Ke2 Rg3 48. g5 Rxg5 49. Kf3 Rg1 50. Rb5+ Kf6 51. Rxb3 Rf1+ 52. Ke3
g5 53. Rb6+ Kg7 54. Kd4 g4 55. Ke5 h5 56. Rb2 g3 57. Rg2 h4 58. Kd4 Kf6 59. Kd3
h3 0-1

[Event "23. Schweinfurt Open"]
[Site "Schweinfurt"]
[Date "2013.05.30"]
[Round "2.13"]
[White "Leeb, Simon"]
[Black "Neuberg, Hans-Gerhard"]
[Result "1-0"]
[WhiteElo "1732"]
[BlackElo "1992"]
[PlyCount "93"]
[EventDate "2013.05.30"]
[Source "SK SW 2000"]
[SourceDate "2013.06.02"]

1. d4 g6 2. c4 Bg7 3. Nc3 c5 4. e3 Nf6 5. Nf3 O-O 6. Be2 d6 7. O-O Na6 8. a3
Nc7 9. Qc2 Rb8 10. Rd1 Qe8 11. e4 cxd4 12. Nxd4 Ne6 13. Be3 a6 14. Nd5 Nc5 15.
Nc3 Bd7 16. Rab1 Ng4 17. Bxg4 Bxg4 18. f3 Bd7 19. Qd2 Rc8 20. b3 Ne6 21. Rbc1
Nc5 22. Rb1 Ne6 23. Nd5 Bc6 24. Nb4 Bd7 25. Kh1 Nc5 26. Nd3 Nxd3 27. Qxd3 Bxd4
28. Qxd4 f6 29. Qd5+ Kg7 30. Qxb7 Rb8 31. Qd5 Bc6 32. Qd2 Qd8 33. Bh6+ Kf7 34.
Bxf8 Kxf8 35. c5 Rb7 36. cxd6 Rd7 37. dxe7+ Qxe7 38. Qb4 Qxb4 39. axb4 Rxd1+
40. Rxd1 Ke7 41. Kg1 Bb5 42. Kf2 Bd7 43. Ke3 Bb5 44. Rd5 Bd7 45. Kd4 Bb5 46.
Rxb5 axb5 47. Kc5 1-0

[Event "23. Schweinfurt Open"]
[Site "Schweinfurt"]
[Date "2013.05.30"]
[Round "2.14"]
[White "Grünewald, Elmar"]
[Black "von der Linden, Armin"]
[Result "0-1"]
[WhiteElo "1454"]
[BlackElo "1976"]
[PlyCount "54"]
[EventDate "2013.05.30"]
[Source "SK SW 2000"]
[SourceDate "2013.06.02"]

1. e4 c5 2. Nf3 d6 3. d4 cxd4 4. Nxd4 Nf6 5. Nc3 a6 6. a4 e5 7. Nb3 Be6 8. Be2
Be7 9. O-O O-O 10. Be3 b6 11. f3 Nbd7 12. Nd5 Nxd5 13. exd5 Bf5 14. Bd3 Bxd3
15. Qxd3 Bg5 16. Rad1 Bxe3+ 17. Qxe3 Qc7 18. Rf2 Rac8 19. Rd3 Qb7 20. Rfd2 Rc4
21. a5 b5 22. Nc1 Rfc8 23. Qf2 Qc7 24. c3 Qxa5 25. Kf1 Qa1 26. Rc2 b4 27. Rcd2
Qxc1+ 0-1

[Event "23. Schweinfurt Open"]
[Site "Schweinfurt"]
[Date "2013.05.30"]
[Round "2.15"]
[White "Gould, Charles"]
[Black "Markwardt, Sven"]
[Result "1-0"]
[WhiteElo "1969"]
[BlackElo "1760"]
[PlyCount "95"]
[EventDate "2013.05.30"]
[Source "SK SW 2000"]
[SourceDate "2013.06.02"]

1. f4 c5 2. b3 Nf6 3. Bb2 e6 4. Nf3 Be7 5. e3 Ne4 6. d3 Bf6 7. c3 Nd6 8. e4 Nb5
9. Be2 Qa5 10. e5 Be7 11. O-O O-O 12. a4 Nc7 13. Nbd2 Nd5 14. Nc4 Qc7 15. Qd2
Nc6 16. Rae1 Na5 17. Bd1 a6 18. Na3 Qb6 19. c4 Nb4 20. Ng5 f6 21. Ne4 f5 22.
Nd6 Nac6 23. Nc2 Nxc2 24. Qxc2 Bxd6 25. exd6 Nd4 26. Bxd4 cxd4 27. c5 Qb4 28.
Qc4 a5 29. Bf3 Rb8 30. Qxb4 axb4 31. a5 b6 32. axb6 Ba6 33. Ra1 Bxd3 34. Rfd1
Bc2 35. Rxd4 Bxb3 36. Rxb4 Bc2 37. Ra7 Rfd8 38. Kf2 h6 39. Rb2 Be4 40. Bxe4
fxe4 41. Rba2 Kh7 42. Ke3 Kg6 43. Kxe4 Kf6 44. Rc7 g5 45. g3 e5 46. fxe5+ Ke6
47. Rf2 Rf8 48. Rf6+ 1-0

[Event "23. Schweinfurt Open"]
[Site "Schweinfurt"]
[Date "2013.05.30"]
[Round "2.16"]
[White "Grasmik, Waldemar"]
[Black "Simon, Jonathan"]
[Result "0-1"]
[WhiteElo "1375"]
[BlackElo "1954"]
[PlyCount "71"]
[EventDate "2013.05.30"]
[Source "SK SW 2000"]
[SourceDate "2013.06.02"]

1. d4 Nf6 2. Nc3 g6 3. g3 Bg7 4. h4 d6 5. Bh3 Nc6 6. Bg5 h6 7. Bxf6 Bxf6 8. e3
e5 9. Bxc8 Qxc8 10. Qe2 O-O 11. O-O-O exd4 12. Ne4 Bg7 13. g4 Qe6 14. Qf3 Rae8
15. Ng3 dxe3 16. Kb1 exf2 17. N1e2 Qf6 18. Qxf6 Bxf6 19. g5 hxg5 20. hxg5 Bxg5
21. Rh2 Kg7 22. Rxf2 Re3 23. c3 Bh4 24. Rg2 Bxg3 25. Nxg3 Re5 26. Rh1 Rh8 27.
Rf1 Ne7 28. Rgf2 f5 29. a3 Rh3 30. Ne2 Rhe3 31. Re1 f4 32. Kc1 f3 33. Kd2 Rxe2+
34. Rfxe2 Rxe2+ 35. Rxe2 fxe2 36. Kxe2 0-1

[Event "23. Schweinfurt Open"]
[Site "Schweinfurt"]
[Date "2013.05.30"]
[Round "2.17"]
[White "Helgert, Johannes"]
[Black "Falkenstein, Johannes"]
[Result "1-0"]
[WhiteElo "2024"]
[BlackElo "1732"]
[PlyCount "122"]
[EventDate "2013.05.30"]
[Source "SK SW 2000"]
[SourceDate "2013.06.02"]

1. b3 Nf6 2. Bb2 b6 3. c4 e6 4. e3 Bb7 5. Nf3 c5 6. Be2 Be7 7. O-O O-O 8. Nc3
d5 9. d3 Nbd7 10. Qc2 a6 11. Rfd1 Qc7 12. Rac1 Rfc8 13. cxd5 Nxd5 14. Nxd5 Bxd5
15. e4 Bb7 16. d4 Nf6 17. Bd3 Qf4 18. d5 exd5 19. Bxf6 Bxf6 20. exd5 g6 21. Be4
Rd8 22. g3 Qg4 23. Kg2 Rd6 24. h3 Qd7 25. Nd2 Bd4 26. Nc4 Rf6 27. Ne3 Bc8 28.
Rh1 Qd6 29. Rcd1 b5 30. Rhe1 h5 31. Re2 Ra7 32. Rxd4 Bxh3+ 33. Kxh3 cxd4 34.
Ng2 Qd7+ 35. Kh2 Rc7 36. Qd3 Rd6 37. Qxd4 Rc1 38. Re1 Rc7 39. Nf4 Qd8 40. Qd3
Qg5 41. Nh3 Qf6 42. Qd2 Kg7 43. Kg2 Rc3 44. Rc1 Rxc1 45. Qxc1 Qe5 46. Qf4 Qe7
47. Ng5 Kg8 48. Bf3 Rf6 49. Qd2 Rf5 50. Ne4 Re5 51. Qd4 f5 52. d6 fxe4 53. dxe7
exf3+ 54. Kxf3 Rxe7 55. Qd6 Rf7+ 56. Kg2 Kg7 57. Qxa6 Rf6 58. Qxb5 Rf5 59. Qd7+
Rf7 60. Qd4+ Kh7 61. a4 Kg8 {usw.} 1-0